Groundwater investigations in the Jerramungup Shire /

Saved in:
Bibliographic Details
Main Author: Martin, Stephen
Corporate Authors: Western Australia. Dept. of Agriculture, Western Australia. Dept. of Agriculture. Division of Resource Management
Format: Book
Language:English
Published: [South Perth, W.A.] : Dept. of Agriculture, Western Australia, 1992.
Series:Technical report (Western Australia. Dept. of Agriculture. Division of Resource Management) ; no. 122.
Subjects:
LEADER 01272nam a2200277 a 4500
001 c000412138
003 CARM
005 00000000000000.0
008 s1992 weaab b s00010 eng d
019 1 |a 8902441 
040 |a WLB  |c WLB 
082 0 4 |a 553.79099412  |2 20 
100 1 |a Martin, Stephen. 
245 1 0 |a Groundwater investigations in the Jerramungup Shire /  |c Stephen Martin. 
260 0 |a [South Perth, W.A.] :  |b Dept. of Agriculture, Western Australia,  |c 1992. 
300 |a 22, 7 p., [1] folded leaf of plates :  |b ill., maps ;  |c 30 cm. 
490 0 |a Technical report / Division of Resource Management,  |x 0729-3135 ;  |v no. 122. 
500 |a "January 1992" - Cover. 
504 |a Bibliography: p. 15-16. 
650 0 |a Groundwater  |z Western Australia  |z Jerramungup. 
710 1 |a Western Australia.  |b Dept. of Agriculture. 
710 1 |a Western Australia.  |b Dept. of Agriculture.  |b Division of Resource Management. 
830 0 |a Technical report (Western Australia. Dept. of Agriculture. Division of Resource Management) ;  |v no. 122. 
852 8 |b CARM  |h A3:AG20D0  |i F08177  |p 0582107  |f BK 
999 f f |i 3dbe0143-83f9-50af-a967-c1e4ef9619b0  |s 7931251d-5364-5ce6-a1a2-4a7fca9d195b 
952 f f |p Can circulate  |a CAVAL  |b CAVAL  |c CAVAL  |d CARM 1 Store  |e F08177  |f A3:AG20D0  |h Other scheme  |i book  |m 0582107